[Event "AUT-ch Open 2020"]
[Site "Graz"]
[Date "2020.02.15"]
[Round "2.15"]
[White "Caglar, Sila"]
[Black "Orgler, Philipp"]
[Result "0-1"]
[WhiteElo "2268"]
[BlackElo "2021"]
[Annotator "TA"]
[PlyCount "72"]
[EventDate "2020.02.14"]
[EventType "swiss"]
[EventCountry "AUT"]
[SourceTitle "playchess.com"]
[Source "ChessBase"]
[SourceQuality "1"]

{[%evp 20,146,74,16,21,0,-3,-44,-19,-112,-128,-110,-125,-112,0,0,0,-20,19,-25,-10,-110,-6,-45,-53,-104,-106,-80,-47,-163,-145,-144,-107,-112,-106,-93,-112,-106,-110,-129,-117,-116,-74,-85,-85,-198,-121,-253,-261,-308,-163,-147,-147,-182,-97,-214,0,0,17,-5,-8,-8,-8,-148,-148,-148,-148,-148,-148,-148,-148,-148,-148,-140,-140,-140,-140,-141,-89,-152,-136,-221,-215,-7416,-395,-12504,-5097,-12785,-12785,-5293,-567,-4710,-4365,-5310,-5179,-1991,-1624,-29982,-29983,-29986,-29969,-29965,-29964,-12828,-10569,-6413,-323,-323,-323,-316,-316,-283,-316,-293,0,0,0,0,0,0,-8,-8,-8,-29983,-29984,-29984,-29985,-29995,-29994]} 1. e4 c5 2. Nf3 d6 3. d4 cxd4 4. Nxd4 Nf6 5. Nc3 g6 6. Be3 Bg7 7. f3 Nc6 8. Bc4 O-O 9. Qd2 Bd7 10. O-O-O Qb8 11. g4 (11. Bb3 $16) 11... b5 $11 {B78: Sicilian Dragon: Yugoslav Attack, 9 Bc4 Bd7 10 0-0-0 Rc8.} 12. Nxc6 Bxc6 13. Bd5 (13. Nd5 $5 {[%cal Rd5e7]} Re8 14. Nxf6+ Bxf6 15. Bb3 $11) 13... Rc8 {Black is slightly better.} 14. Kb1 {[#]} (14. Bxc6 $11 {remains equal.} Rxc6 15. Kb1) 14... b4 $146 {[%cal Rb4c3]} ({Predecessor:} 14... a5 15. Bxc6 Rxc6 16. Nd5 Nxd5 17. exd5 Rc4 18. h4 a4 19. h5 b4 20. hxg6 b3 21. gxf7+ {½-½ (34) Lipnowski,S-Willis,B Richmond 1999}) 15. Ne2 Bxd5 $1 16. exd5 Nd7 (16... a5 $17 17. g5 Nd7) 17. Bd4 $11 Ne5 18. Bxe5 (18. f4 $5 {[%cal Rf4e5]} Nxg4 19. Bxg7 Kxg7 20. h4 $11) 18... Bxe5 19. f4 Bg7 (19... Bc3 $5 {[%cal Rc3d2]} 20. Qd3 Bg7 $11) 20. f5 (20. Nd4 $11 {keeps the balance.}) 20... a5 ({Black should play} 20... Rc4 $17 21. fxg6 hxg6) 21. fxg6 hxg6 22. h4 ({Better is} 22. Nd4 $15) 22... a4 $17 {aiming for ...b3.} 23. Rh3 Qa7 24. Rc1 {[#]} ({White should try} 24. Nd4 $15) 24... b3 $1 {[%mdl 512]} 25. cxb3 (25. axb3 axb3) 25... axb3 $40 {[%csl Ga8,Gb3][%cal Ra7a2][%mdl 128] Black wants a kill.} 26. Rxc8+ Rxc8 {[%csl Gb3][%cal Ra7a2]} 27. Rxb3 Qf2 28. a3 Qxh4 29. g5 Be5 30. Ka2 Qc4 31. Qd3 Qg4 32. Qd2 (32. Qh3 $17 Qc4 33. Qd3) 32... Rc5 (32... Qg2 $19 33. Qd3 Qxg5) 33. Qd3 (33. Nc3 $17) 33... Qxg5 $19 34. Qh3 {Intending Rb8+ and mate.} Qh5 (34... Kg7 $142 35. Rb8 Qh5 $1 {[%mdl 512]} 36. Qxh5 gxh5) 35. Qxh5 gxh5 {[%mdl 4096] Endgame KRB-KRN} 36. Rd3 Kh7 {Played: Rc5-c2} 0-1

[Event "AUT-ch Open 2020"]
[Site "Graz"]
[Date "2020.02.15"]
[Round "2.16"]
[White "Godzwon, Iwo"]
[Black "Yankelevich, Lev"]
[Result "1-0"]
[WhiteElo "2321"]
[BlackElo "2473"]
[Annotator "ChessBase"]
[PlyCount "121"]
[EventDate "2020.02.14"]
[EventType "swiss"]
[EventCountry "AUT"]
[SourceTitle "playchess.com"]
[Source "ChessBase"]
[SourceQuality "1"]
[TimeControl "40/5400+30:1800+30"]

1. e4 {[%emt 0:00:00]} c5 {[%emt 0:00:00]} 2. Nf3 {[%emt 0:00:00]} Nc6 {[%emt 0:00:00]} 3. d4 {[%emt 0:00:00]} cxd4 {[%emt 0:00:00]} 4. Nxd4 {[%emt 0:00:00]} e5 {[%emt 0:00:00]} 5. Nb5 {[%emt 0:00:00]} d6 {[%emt 0:00:00]} 6. c4 {[%emt 0:00:09]} Be6 {[%emt 0:00:21]} 7. N1c3 {[%emt 0:01:32]} a6 {[%emt 0:00:05]} 8. Na3 {[%emt 0:00:03]} Rc8 {[%emt 0:01:33]} 9. Be3 {[%emt 0:11:19]} Nf6 {[%emt 0:01:00]} 10. Be2 {[%emt 0:00:23]} g6 {[%emt 0:12:39]} 11. f3 {[%emt 0:18:48]} Bg7 {[%emt 0:00:46]} 12. Nc2 {[%emt 0:15:43]} Ne7 {[%emt 0:14:54]} 13. b3 {[%emt 0:08:48]} b5 {[%emt 0:03:13]} 14. Nd5 {[%emt 0:00:04]} bxc4 {[%emt 0:05:53]} 15. bxc4 {[%emt 0:00:25]} Nd7 {[%emt 0:07:39]} 16. Ncb4 {[%emt 0:03:21]} a5 {[%emt 0:08:45]} 17. Nxe7 {[%emt 0:00:29]} Qxe7 {[%emt 0:00:15]} 18. Nd5 {[%emt 0:00:37]} Qh4+ {[%emt 0:01:31]} 19. Bf2 {[%emt 0:02:57]} Qd8 {[%emt 0:00:35]} 20. Rb1 {[%emt 0:05:38]} O-O {[%emt 0:03:44]} 21. O-O {[%emt 0:00:17]} Nc5 {[%emt 0:01:45]} 22. Qd2 {[%emt 0:07:59]} f5 {[%emt 0:10:53]} 23. exf5 {[%emt 0:01:02]} gxf5 {[%emt 0:00:05]} 24. Rb5 {[%emt 0:00:25]} a4 {[%emt 0:09:03]} 25. Rd1 {[%emt 0:00:42]} Nd7 {[%emt 0:09:48]} 26. Nb4 {[%emt 0:03:58]} Nf6 {[%emt 0:02:22]} 27. Rb6 {[%emt 0:03:07]} Bxc4 {[%emt 0:00:53]} 28. Nc6 {[%emt 0:00:29]} Rxc6 {[%emt 0:01:51]} 29. Rxc6 {[%emt 0:00:04]} Bd5 {[%emt 0:00:21]} 30. Ra6 {[%emt 0:01:50]} Qd7 {[%emt 0:02:29]} 31. Bh4 {[%emt 0:01:12]} Bf7 {[%emt 0:01:43]} 32. Rxd6 {[%emt 0:00:05]} Qa7+ {[%emt 0:00:02]} 33. Bf2 {[%emt 0:01:30]} Qc7 {[%emt 0:00:20]} 34. Rd8 {[%emt 0:01:25]} h6 {[%emt 0:00:36]} 35. a3 {[%emt 0:02:27]} Kh7 {[%emt 0:00:37]} 36. Rxf8 {[%emt 0:00:35]} Bxf8 {[%emt 0:00:02]} 37. Rc1 {[%emt 0:00:04]} Qe7 {[%emt 0:01:14]} 38. Bc5 {[%emt 0:00:29]} Qxc5+ {[%emt 0:00:03]} 39. Rxc5 {[%emt 0:00:04]} Bxc5+ {[%emt 0:00:03]} 40. Kh1 {[%emt 0:00:28]} Bxa3 {[%emt 0:01:04]} 41. Qc2 {[%emt 0:32:48]} Kg7 {[%emt 0:05:28]} 42. Qxa4 {[%emt 0:00:00]} Bc5 {[%emt 0:00:27]} 43. Qc2 {[%emt 0:00:00]} Bd4 {[%emt 0:01:18]} 44. Qxf5 {[%emt 0:00:00]} Bg6 {[%emt 0:00:36]} 45. Qe6 {[%emt 0:00:00]} Bf7 {[%emt 0:00:13]} 46. Qc6 {[%emt 0:00:00]} h5 {[%emt 0:00:16]} 47. g3 {[%emt 0:00:00]} Bd5 {[%emt 0:02:18]} 48. Qc7+ {[%emt 0:00:00]} Kf8 {[%emt 0:00:05]} 49. Qd6+ {[%emt 0:00:00]} Kf7 {[%emt 0:00:03]} 50. Bc4 {[%emt 0:00:00]} Bxc4 {[%emt 0:00:17]} 51. Qc7+ {[%emt 0:00:00]} Kg6 {[%emt 0:00:24]} 52. Qxc4 {[%emt 0:00:00]} Kf5 {[%emt 0:00:46]} 53. Kg2 {[%emt 0:00:00]} Kg6 {[%emt 0:00:14]} 54. Qe6 {[%emt 0:00:00]} Ba1 {[%emt 0:00:20]} 55. h4 {[%emt 0:00:00]} Kg7 {[%emt 0:00:37]} 56. g4 {[%emt 0:00:00]} e4 {[%emt 0:00:03]} 57. g5 {[%emt 0:00:00]} exf3+ {[%emt 0:00:05]} 58. Kxf3 {[%emt 0:00:00]} Ng4 {[%emt 0:00:08]} 59. Qe7+ {[%emt 0:00:00]} Kg6 {[%emt 0:00:15]} 60. Qe8+ {[%emt 0:00:00]} Kf5 {[%emt 0:00:04]} 61. Qf7+ {[%emt 0:00:00] Ke4+ Kxe4} 1-0

[Event "AUT-ch Open 2020"]
[Site "Graz"]
[Date "2020.02.15"]
[Round "2.16"]
[White "Kravanja, Georg"]
[Black "Zverev, Lev"]
[Result "1-0"]
[WhiteElo "2262"]
[BlackElo "1914"]
[Annotator "ChessBase"]
[PlyCount "137"]
[EventDate "2020.02.14"]
[EventType "swiss"]
[EventCountry "AUT"]
[SourceTitle "playchess.com"]
[Source "ChessBase"]
[SourceQuality "1"]
[TimeControl "40/5400+30:1800+30"]

1. Nf3 {[%emt 0:00:00]} d5 {[%emt 0:00:00]} 2. g3 {[%emt 0:00:00]} e6 {[%emt 0:00:29]} 3. Bg2 {[%emt 0:00:00]} Nf6 {[%emt 0:00:18]} 4. O-O {[%emt 0:00:00]} Be7 {[%emt 0:00:11]} 5. d4 {[%emt 0:00:00]} O-O {[%emt 0:00:06]} 6. c4 {[%emt 0:00:01]} c6 {[%emt 0:01:11]} 7. Qc2 {[%emt 0:00:10]} b6 {[%emt 0:00:05]} 8. Nbd2 {[%emt 0:00:06]} Bb7 {[%emt 0:00:08]} 9. e4 {[%emt 0:00:06]} Na6 {[%emt 0:00:04]} 10. Re1 {[%emt 0:03:36]} Rc8 {[%emt 0:01:26]} 11. e5 {[%emt 0:01:32]} Nd7 {[%emt 0:00:05]} 12. a3 {[%emt 0:02:21]} c5 {[%emt 0:00:23]} 13. dxc5 {[%emt 0:01:12]} Naxc5 {[%emt 0:00:25]} 14. b4 {[%emt 0:00:45]} Na6 {[%emt 0:02:16]} 15. Nd4 {[%emt 0:02:00]} Qc7 {[%emt 0:00:41]} 16. cxd5 {[%emt 0:17:57]} Qxc2 {[%emt 0:00:11]} 17. Nxc2 {[%emt 0:00:01]} Rxc2 {[%emt 0:00:09]} 18. d6 {[%emt 0:00:02]} Bxg2 {[%emt 0:01:47]} 19. dxe7 {[%emt 0:00:06]} Re8 {[%emt 0:00:05]} 20. Kxg2 {[%emt 0:00:05]} Rxe7 {[%emt 0:00:07]} 21. Nf3 {[%emt 0:00:10]} Nc7 {[%emt 0:00:42]} 22. Bg5 {[%emt 0:01:03]} Re8 {[%emt 0:03:18]} 23. Nd4 {[%emt 0:06:09]} Rc4 {[%emt 0:00:18]} 24. Rac1 {[%emt 0:00:15]} Rxc1 {[%emt 0:00:13]} 25. Rxc1 {[%emt 0:00:05]} Nd5 {[%emt 0:00:16]} 26. Nb5 {[%emt 0:02:27]} Nxe5 {[%emt 0:00:24]} 27. Nxa7 {[%emt 0:00:20]} h6 {[%emt 0:00:08]} 28. Be3 {[%emt 0:01:26]} Ra8 {[%emt 0:05:02]} 29. Nb5 {[%emt 0:04:22]} Kh7 {[%emt 0:03:29]} 30. Bd4 {[%emt 0:03:33]} Nd7 {[%emt 0:00:06]} 31. Rc6 {[%emt 0:00:51]} e5 {[%emt 0:01:37]} 32. Rd6 {[%emt 0:01:36]} N5f6 {[%emt 0:01:10]} 33. Be3 {[%emt 0:03:36]} Rc8 {[%emt 0:00:08]} 34. h3 {[%emt 0:00:33]} Rc2 {[%emt 0:00:55]} 35. Kf3 {[%emt 0:02:39]} Ra2 {[%emt 0:01:36]} 36. g4 {[%emt 0:01:31]} e4+ {[%emt 0:02:07]} 37. Kg3 {[%emt 0:01:27]} Ne5 {[%emt 0:00:26]} 38. Rxb6 {[%emt 0:01:04]} Nc4 {[%emt 0:00:04]} 39. Rb7 {[%emt 0:04:21]} Nxe3 {[%emt 0:00:45]} 40. fxe3 {[%emt 0:00:07]} Nd5 {[%emt 0:00:04]} 41. Rxf7 {[%emt 0:30:40]} Nxe3 {[%emt 0:30:05]} 42. Rf2 {[%emt 0:07:21]} Ra1 {[%emt 0:00:12]} 43. Kf4 {[%emt 0:00:16]} Re1 {[%emt 0:01:11]} 44. Nc3 {[%emt 0:03:24]} g5+ {[%emt 0:00:20]} 45. Ke5 {[%emt 0:01:06]} Nc4+ {[%emt 0:00:25]} 46. Kd4 {[%emt 0:02:07]} Nxa3 {[%emt 0:03:25]} 47. Nxe4 {[%emt 0:02:25]} Rc1 {[%emt 0:00:16]} 48. Nf6+ {[%emt 0:01:51]} Kg6 {[%emt 0:00:09]} 49. Nd5 {[%emt 0:00:13]} Nb5+ {[%emt 0:00:18]} 50. Ke3 {[%emt 0:02:23]} Rc4 {[%emt 0:00:49]} 51. Rf6+ {[%emt 0:00:44]} Kg7 {[%emt 0:00:04]} 52. Rb6 {[%emt 0:00:18]} Na3 {[%emt 0:00:19]} 53. Kd3 {[%emt 0:06:13]} Rc1 {[%emt 0:00:08]} 54. Ne3 {[%emt 0:01:41]} h5 {[%emt 0:01:53]} 55. gxh5 {[%emt 0:00:19]} Rh1 {[%emt 0:00:04]} 56. Ra6 {[%emt 0:01:18]} Nb5 {[%emt 0:00:09]} 57. Ra5 {[%emt 0:00:23]} Nd6 {[%emt 0:00:16]} 58. Rxg5+ {[%emt 0:00:10]} Kh7 {[%emt 0:00:05]} 59. Rd5 {[%emt 0:00:15]} Nf7 {[%emt 0:00:05]} 60. b5 {[%emt 0:05:33]} Rxh3 {[%emt 0:00:35]} 61. b6 {[%emt 0:00:21]} Rh4 {[%emt 0:00:53]} 62. Nc4 {[%emt 0:04:17]} Rh1 {[%emt 0:00:30]} 63. Kc2 {[%emt 0:03:01]} Rh2+ {[%emt 0:01:34]} 64. Nd2 {[%emt 0:01:12]} Rh4 {[%emt 0:00:10]} 65. Kb3 {[%emt 0:00:05]} Rg4 {[%emt 0:02:07]} 66. Rd7 {[%emt 0:02:19]} Rg5 {[%emt 0:00:07]} 67. Rxf7+ {[%emt 0:00:15]} Kg8 {[%emt 0:00:05]} 68. Rf6 {[%emt 0:00:15]} Kg7 {[%emt 0:00:12]} 69. Rg6+ {[%emt 0:00:09]} 1-0

[Event "AUT-ch Open 2020"]
[Site "Graz"]
[Date "2020.02.15"]
[Round "2.17"]
[White "Froewis, Georg"]
[Black "Rieger, Robert"]
[Result "1-0"]
[WhiteElo "2461"]
[BlackElo "2320"]
[Annotator "ChessBase"]
[PlyCount "79"]
[EventDate "2020.02.14"]
[EventType "swiss"]
[EventCountry "AUT"]
[SourceTitle "playchess.com"]
[Source "ChessBase"]
[SourceQuality "1"]
[TimeControl "40/5400+30:1800+30"]

1. Nf3 {[%emt 0:00:00]} Nf6 {[%emt 0:00:00]} 2. c4 {[%emt 0:00:00]} e6 {[%emt 0:00:00]} 3. b3 {[%emt 0:01:37]} b6 {[%emt 0:00:10]} 4. g3 {[%emt 0:00:31]} Bb7 {[%emt 0:00:32]} 5. Bg2 {[%emt 0:00:05]} c5 {[%emt 0:01:07]} 6. O-O {[%emt 0:00:45]} Be7 {[%emt 0:00:06]} 7. Bb2 {[%emt 0:00:16]} O-O {[%emt 0:00:30]} 8. Nc3 {[%emt 0:00:55]} a6 {[%emt 0:01:22]} 9. d4 {[%emt 0:04:13]} cxd4 {[%emt 0:04:54]} 10. Qxd4 {[%emt 0:00:07]} d6 {[%emt 0:03:14]} 11. Rfd1 {[%emt 0:00:42]} Qc7 {[%emt 0:02:38]} 12. Rac1 {[%emt 0:01:33]} Nbd7 {[%emt 0:02:35]} 13. Ne1 {[%emt 0:09:48]} Rfd8 {[%emt 0:07:21]} 14. Bxb7 {[%emt 0:02:44]} Qxb7 {[%emt 0:00:10]} 15. Ng2 {[%emt 0:00:10]} b5 {[%emt 0:07:49]} 16. Ne3 {[%emt 0:00:05]} Ne5 {[%emt 0:05:52]} 17. Nb1 {[%emt 0:08:18]} b4 {[%emt 0:11:52]} 18. Nd2 {[%emt 0:03:40]} a5 {[%emt 0:01:58]} 19. Qf4 {[%emt 0:01:39]} Ned7 {[%emt 0:06:52]} 20. Qf3 {[%emt 0:06:25]} Qb6 {[%emt 0:03:23]} 21. Ne4 {[%emt 0:02:43]} Nxe4 {[%emt 0:02:34]} 22. Qxe4 {[%emt 0:00:03]} Nc5 {[%emt 0:04:52]} 23. Qg4 Bf8 {[%emt 0:00:37]} 24. Bf6 {[%emt 0:07:07]} Rd7 {[%emt 0:03:31]} 25. Bd4 {[%emt 0:00:07]} f5 {[%emt 0:05:56]} 26. Qf3 {[%emt 0:00:35]} Re8 {[%emt 0:03:41]} 27. g4 {[%emt 0:07:23]} fxg4 {[%emt 0:03:00]} 28. Qxg4 {[%emt 0:00:20]} Rf7 {[%emt 0:00:36]} 29. Nf1 {[%emt 0:02:59]} Qc6 {[%emt 0:02:03]} 30. Ng3 {[%emt 0:00:31]} a4 {[%emt 0:02:31]} 31. Bxc5 {[%emt 0:05:56]} Qxc5 {[%emt 0:00:29]} 32. e3 {[%emt 0:00:10]} axb3 {[%emt 0:02:04]} 33. axb3 {[%emt 0:00:01]} Ra7 {[%emt 0:02:32]} 34. Rd3 {[%emt 0:06:44]} Ra2 {[%emt 0:02:59]} 35. Rcd1 {[%emt 0:00:52]} Qe5 {[%emt 0:00:35]} 36. Ne4 {[%emt 0:04:42]} Rb2 {[%emt 0:03:06]} 37. Kg2 {[%emt 0:13:08]} Qf5 {[%emt 0:02:52]} 38. Qxf5 {[%emt 0:09:34]} exf5 {[%emt 0:00:02]} 39. Nxd6 {[%emt 0:00:42]} Bxd6 {[%emt 0:00:12]} 40. Rxd6 {[%emt 0:00:02]} 1-0

[Event "AUT-ch Open 2020"]
[Site "Graz"]
[Date "2020.02.15"]
[Round "2.17"]
[White "Mayrhuber, Nikola"]
[Black "Schernthaner, David"]
[Result "1/2-1/2"]
[WhiteElo "2017"]
[BlackElo "2262"]
[Annotator "ChessBase"]
[PlyCount "64"]
[EventDate "2020.02.14"]
[EventType "swiss"]
[EventCountry "AUT"]
[SourceTitle "playchess.com"]
[Source "ChessBase"]
[SourceQuality "1"]
[TimeControl "40/5400+30:1800+30"]

1. d4 {[%emt 0:00:00]} Nf6 {[%emt 0:00:00]} 2. Nf3 {[%emt 0:00:00]} g6 {[%emt 0:00:00]} 3. Bg5 {[%emt 0:00:00]} Ne4 {[%emt 0:00:54]} 4. Bh4 {[%emt 0:07:15]} Bg7 {[%emt 0:02:23]} 5. Nbd2 {[%emt 0:03:59]} d5 {[%emt 0:01:50]} 6. c3 {[%emt 0:01:50]} c5 {[%emt 0:04:33]} 7. Nxe4 {[%emt 0:17:43]} dxe4 {[%emt 0:00:12]} 8. Nd2 {[%emt 0:08:19]} cxd4 {[%emt 0:01:13]} 9. Nxe4 {[%emt 0:02:15]} Bf5 {[%emt 0:11:43]} 10. Nc5 {[%emt 0:11:22]} b6 {[%emt 0:17:05]} 11. e4 {[%emt 0:07:42]} dxe3 {[%emt 0:05:23]} 12. Bb5+ {[%emt 0:04:59]} Nd7 {[%emt 0:00:55]} 13. Nxd7 {[%emt 0:16:23]} Bxd7 {[%emt 0:01:24]} 14. Bxd7+ {[%emt 0:00:51]} Qxd7 {[%emt 0:00:10]} 15. Qxd7+ {[%emt 0:00:11]} Kxd7 {[%emt 0:00:06]} 16. fxe3 {[%emt 0:01:07]} Ke6 {[%emt 0:00:39]} 17. Ke2 {[%emt 0:02:29]} Rhd8 {[%emt 0:00:16]} 18. Rad1 {[%emt 0:00:46]} Be5 {[%emt 0:02:13]} 19. h3 {[%emt 0:01:57]} f6 {[%emt 0:02:24]} 20. e4 {[%emt 0:00:16]} Rac8 {[%emt 0:03:25]} 21. Kf3 {[%emt 0:02:18]} b5 {[%emt 0:01:46]} 22. Bg3 {[%emt 0:02:16]} Bxg3 {[%emt 0:01:21]} 23. Kxg3 {[%emt 0:00:04]} Ke5 {[%emt 0:00:35]} 24. Kf3 {[%emt 0:00:39]} h5 {[%emt 0:01:12]} 25. Rhe1 {[%emt 0:00:28]} a6 {[%emt 0:00:34]} 26. Rd5+ {[%emt 0:00:55]} Ke6 {[%emt 0:02:56]} 27. h4 {[%emt 0:00:39]} Rd6 {[%emt 0:00:56]} 28. Rxd6+ {[%emt 0:01:27]} Kxd6 {[%emt 0:00:06]} 29. Rd1+ {[%emt 0:00:19]} Ke6 {[%emt 0:00:09]} 30. Kf4 {[%emt 0:00:22]} Rc6 {[%emt 0:01:04]} 31. Rd8 {[%emt 0:04:55]} Rd6 {[%emt 0:02:31]} 32. Ra8 {[%emt 0:00:04]} Rc6 {[%emt 0:10:08]} 1/2-1/2

[Event "AUT-ch Open 2020"]
[Site "Graz"]
[Date "2020.02.15"]
[Round "2.18"]
[White "Janzelj, Tim"]
[Black "Li, Henry"]
[Result "1-0"]
[WhiteElo "2451"]
[BlackElo "2310"]
[Annotator "ChessBase"]
[PlyCount "81"]
[EventDate "2020.02.14"]
[EventType "swiss"]
[EventCountry "AUT"]
[SourceTitle "playchess.com"]
[Source "ChessBase"]
[SourceQuality "1"]
[TimeControl "40/5400+30:1800+30"]

1. Nf3 {[%emt 0:02:51]} Nf6 {[%emt 0:00:31]} 2. c4 {[%emt 0:00:37]} g6 {[%emt 0:00:19]} 3. b4 {[%emt 0:00:14]} Bg7 {[%emt 0:05:28]} 4. Bb2 {[%emt 0:00:14]} O-O {[%emt 0:02:15]} 5. g3 {[%emt 0:00:09]} a5 {[%emt 0:02:44]} 6. b5 {[%emt 0:01:28]} d6 {[%emt 0:01:36]} 7. Bg2 {[%emt 0:00:23]} e5 {[%emt 0:01:09]} 8. d3 {[%emt 0:00:06]} e4 {[%emt 0:05:47]} 9. dxe4 {[%emt 0:00:40]} Nxe4 {[%emt 0:00:32]} 10. Bxg7 {[%emt 0:00:14]} Kxg7 {[%emt 0:00:08]} 11. Nd4 {[%emt 0:02:49]} Re8 {[%emt 0:05:43]} 12. Nd2 {[%emt 0:06:12]} Nxd2 {[%emt 0:09:10]} 13. Qxd2 {[%emt 0:00:02]} Nd7 {[%emt 0:00:47]} 14. O-O {[%emt 0:01:14]} a4 {[%emt 0:03:51]} 15. Rfd1 {[%emt 0:03:48]} Qf6 {[%emt 0:12:34]} 16. Nc2 {[%emt 0:03:34]} Qe5 {[%emt 0:14:17]} 17. Ne3 {[%emt 0:01:20]} Nb6 {[%emt 0:03:01]} 18. Rac1 {[%emt 0:03:29]} Rb8 {[%emt 0:09:15]} 19. Qb4 {[%emt 0:11:29]} Qc5 {[%emt 0:02:08]} 20. Qc3+ {[%emt 0:00:10]} Qe5 {[%emt 0:02:38]} 21. c5 {[%emt 0:02:18]} Qxc3 {[%emt 0:01:31]} 22. Rxc3 {[%emt 0:00:02]} dxc5 {[%emt 0:00:10]} 23. Rxc5 {[%emt 0:00:09]} Be6 {[%emt 0:01:44]} 24. a3 {[%emt 0:05:40]} Red8 {[%emt 0:02:42]} 25. Rxd8 {[%emt 0:03:23]} Rxd8 {[%emt 0:00:01]} 26. Rxc7 {[%emt 0:00:00]} Rc8 {[%emt 0:02:28]} 27. Rxc8 {[%emt 0:05:07]} Bxc8 {[%emt 0:00:01]} 28. Kf1 {[%emt 0:04:33]} Kf6 {[%emt 0:01:20]} 29. Nd5+ {[%emt 0:05:41]} Nxd5 30. Bxd5 {[%emt 0:00:01]} b6 {[%emt 0:04:20]} 31. Ke1 {[%emt 0:04:34]} Bd7 {[%emt 0:00:05]} 32. Bc4 {[%emt 0:04:04]} Ke5 {[%emt 0:04:55]} 33. Kd2 {[%emt 0:05:59]} Kd4 {[%emt 0:00:23]} 34. Bxf7 {[%emt 0:00:14]} Bxb5 {[%emt 0:00:03]} 35. e3+ {[%emt 0:07:26]} Ke4 {[%emt 0:00:26]} 36. f4 {[%emt 0:00:18]} Bc6 {[%emt 0:01:16]} 37. Bg8 {[%emt 0:03:43]} h6 {[%emt 0:00:44]} 38. Bf7 {[%emt 0:00:01]} g5 {[%emt 0:01:29]} 39. Bg6+ {[%emt 0:00:11]} Kf3 {[%emt 0:00:25]} 40. f5 {[%emt 0:01:37]} Be4 {[%emt 0:00:51]} 41. Bh5+ {[%emt 0:30:01]} 1-0

[Event "AUT-ch Open 2020"]
[Site "Graz"]
[Date "2020.02.15"]
[Round "2.18"]
[White "Tisaj, Domen"]
[Black "Adamczyk, Zuzanna"]
[Result "1-0"]
[WhiteElo "2245"]
[BlackElo "1959"]
[Annotator "ChessBase"]
[PlyCount "83"]
[EventDate "2020.02.14"]
[EventType "swiss"]
[EventCountry "AUT"]
[SourceTitle "playchess.com"]
[Source "ChessBase"]
[SourceQuality "1"]
[TimeControl "40/5400+30:1800+30"]

1. Nf3 {[%emt 0:00:00]} Nf6 {[%emt 0:05:32]} 2. d4 {[%emt 0:00:00]} d5 {[%emt 0:01:00]} 3. e3 {[%emt 0:00:26]} Bf5 {[%emt 0:01:11]} 4. Be2 {[%emt 0:02:26]} e6 {[%emt 0:01:17]} 5. O-O {[%emt 0:00:19]} Be7 {[%emt 0:02:05]} 6. c4 {[%emt 0:00:59]} c6 {[%emt 0:00:51]} 7. Nc3 {[%emt 0:00:13]} Nbd7 {[%emt 0:01:25]} 8. b3 {[%emt 0:00:27]} Ne4 {[%emt 0:04:35]} 9. Bb2 {[%emt 0:00:52]} O-O {[%emt 0:00:37]} 10. Bd3 {[%emt 0:01:15]} Bg6 {[%emt 0:07:18]} 11. Qc2 {[%emt 0:00:56]} f5 {[%emt 0:01:46]} 12. Ne2 {[%emt 0:03:59]} Bf7 {[%emt 0:08:45]} 13. Rac1 {[%emt 0:00:40]} Bd6 {[%emt 0:02:50]} 14. Ne5 {[%emt 0:01:04]} Nxe5 {[%emt 0:15:54]} 15. dxe5 {[%emt 0:00:33]} Be7 {[%emt 0:01:04]} 16. Nd4 {[%emt 0:05:47]} Rc8 {[%emt 0:02:59]} 17. Qe2 {[%emt 0:02:56]} Qe8 {[%emt 0:07:11]} 18. cxd5 {[%emt 0:10:56]} cxd5 {[%emt 0:04:13]} 19. Bb5 {[%emt 0:00:43]} Qd8 {[%emt 0:00:56]} 20. Rxc8 {[%emt 0:00:09]} Qxc8 {[%emt 0:00:14]} 21. Rc1 {[%emt 0:00:04]} Qd8 {[%emt 0:01:20]} 22. Qc2 {[%emt 0:00:32]} a6 {[%emt 0:02:39]} 23. Be2 {[%emt 0:00:34]} Qa5 {[%emt 0:13:31]} 24. a3 {[%emt 0:00:45]} h6 {[%emt 0:07:39]} 25. b4 {[%emt 0:01:33]} Qb6 {[%emt 0:01:11]} 26. Nb3 {[%emt 0:11:14]} Be8 {[%emt 0:01:36]} 27. Na5 {[%emt 0:00:57]} Qa7 {[%emt 0:02:09]} 28. Bd4 {[%emt 0:00:09]} Qa8 {[%emt 0:00:58]} 29. f3 {[%emt 0:03:28]} Ng5 {[%emt 0:00:39]} 30. Qc7 {[%emt 0:00:13]} Rf7 {[%emt 0:00:21]} 31. Qc8 {[%emt 0:10:20]} Qxc8 {[%emt 0:00:07]} 32. Rxc8 {[%emt 0:00:07]} Kf8 {[%emt 0:00:48]} 33. f4 {[%emt 0:00:21]} Ne4 {[%emt 0:00:58]} 34. Bh5 {[%emt 0:00:09]} b5 {[%emt 0:00:32]} 35. Bxf7 {[%emt 0:00:30]} Kxf7 {[%emt 0:00:14]} 36. Rc7 {[%emt 0:42:24]} Kf8 {[%emt 0:00:26]} 37. Nc6 {[%emt 0:00:00]} Bxc6 {[%emt 0:00:44]} 38. Rxc6 {[%emt 0:00:00]} Nd2 {[%emt 0:00:25]} 39. Rxe6 {[%emt 0:00:00]} Nb3 {[%emt 0:00:44]} 40. Rxa6 {[%emt 0:00:00]} Nxd4 {[%emt 0:00:21]} 41. exd4 {[%emt 0:00:00]} Bd8 {[%emt 0:30:15]} 42. Rd6 {[%emt 0:00:00]} 1-0

[Event "AUT-ch Open 2020"]
[Site "Graz"]
[Date "2020.02.15"]
[Round "2.19"]
[White "Molnar, Bela"]
[Black "Horvath, Dominik"]
[Result "1/2-1/2"]
[WhiteElo "2312"]
[BlackElo "2450"]
[Annotator "ChessBase"]
[PlyCount "58"]
[EventDate "2020.02.14"]
[EventType "swiss"]
[EventCountry "AUT"]
[SourceTitle "playchess.com"]
[Source "ChessBase"]
[SourceQuality "1"]
[TimeControl "40/5400+30:1800+30"]

1. e4 {[%emt 0:04:07]} c5 {[%emt 0:00:00]} 2. Nf3 {[%emt 0:00:31]} Nc6 {[%emt 0:00:00]} 3. Nc3 {[%emt 0:01:22]} e6 {[%emt 0:00:00]} 4. g3 {[%emt 0:00:12]} d5 {[%emt 0:03:06]} 5. d3 {[%emt 0:00:48]} Nf6 {[%emt 0:01:49]} 6. Bg5 {[%emt 0:02:26]} Be7 {[%emt 0:03:47]} 7. Bg2 {[%emt 0:03:08]} h6 {[%emt 0:01:43]} 8. Bd2 {[%emt 0:00:36]} d4 {[%emt 0:04:43]} 9. Ne2 {[%emt 0:00:34]} e5 {[%emt 0:00:06]} 10. O-O {[%emt 0:00:54]} g5 {[%emt 0:02:45]} 11. Ne1 {[%emt 0:00:31]} g4 {[%emt 0:08:44]} 12. c3 {[%emt 0:01:57]} Be6 {[%emt 0:03:36]} 13. a3 {[%emt 0:02:52]} b5 {[%emt 0:07:05]} 14. cxd4 {[%emt 0:00:30]} cxd4 {[%emt 0:04:13]} 15. b4 {[%emt 0:06:06]} Nd7 {[%emt 0:06:58]} 16. f4 {[%emt 0:09:06]} f6 {[%emt 0:07:46]} 17. Nc1 {[%emt 0:10:09]} a5 {[%emt 0:01:23]} 18. bxa5 {[%emt 0:01:51]} Nxa5 {[%emt 0:03:55]} 19. Nc2 {[%emt 0:01:49]} Nc6 20. f5 {[%emt 0:03:38]} Bf7 {[%emt 0:05:12]} 21. Qxg4 {[%emt 0:00:10]} h5 {[%emt 0:04:47]} 22. Qh4 {[%emt 0:14:21]} Nc5 {[%emt 0:01:23]} 23. Rb1 {[%emt 0:01:12]} Rb8 {[%emt 0:01:20]} 24. Bf3 {[%emt 0:00:17]} Kd7 {[%emt 0:01:28]} 25. Bd1 {[%emt 0:04:56]} Na4 {[%emt 0:02:20]} 26. Ne2 {[%emt 0:01:07]} Nc5 {[%emt 0:04:24]} 27. Nc1 {[%emt 0:01:12]} Na4 {[%emt 0:00:54]} 28. Ne2 {[%emt 0:00:28]} Nc5 {[%emt 0:01:49]} 29. Nc1 {[%emt 0:00:37]} Na4 1/2-1/2